| 000 -LEADER |
| fixed length control field |
01438nam a22003137a 4500 |
| 003 - CONTROL NUMBER IDENTIFIER |
| control field |
OSt |
| 005 - DATE AND TIME OF LATEST TRANSACTION |
| control field |
20190513075220.0 |
| 008 - FIXED-LENGTH DATA ELEMENTS--GENERAL INFORMATION |
| fixed length control field |
180226b xxu||||| |||| 00| 0 spa d |
| 040 ## - CATALOGING SOURCE |
| Transcribing agency |
PJ |
| 245 10 - MENCIÓN DE TÍTULO |
| Título propiamente dicho |
Contratos administrativos : |
| Parte restante del título |
Régimen de pago y actualización / |
| Mención de responsabilidad, etc |
Rodolfo C. Barra...[et al.]. |
| 260 ## - PUBLICATION, DISTRIBUTION, ETC. (IMPRINT) |
| Place of publication, distribution, etc |
Buenos Aires : |
| Name of publisher, distributor, etc |
Astrea, |
| Date of publication, distribution, etc |
1988. |
| 300 ## - DESCRIPCION FISICA |
| Extent |
324 p. |
| Dimensions |
23 cm |
| 505 ## - FORMATTED CONTENTS NOTE |
| Formatted contents note |
v. 1: Indexación -- Intereses moratorios -- Imprevisión -- Mayores costos. <br/> |
| 505 ## - FORMATTED CONTENTS NOTE |
| Title |
Los contratos administrativos / |
| Statement of responsibility |
Agustín A. Gordillo. |
| 505 ## - FORMATTED CONTENTS NOTE |
| Title |
Certificado de obra pública / |
| Statement of responsibility |
José Roberto Dromi. |
| 505 ## - FORMATTED CONTENTS NOTE |
| Title |
Mayores costos, imprevisión, indexación / |
| Statement of responsibility |
Agustín A. Gordillo. |
| 505 ## - FORMATTED CONTENTS NOTE |
| Title |
La actualización por desvalorización monetaria del precio contractual en los contratos administrativos / |
| Statement of responsibility |
Rodolfo Carlos Barra. |
| 505 ## - FORMATTED CONTENTS NOTE |
| Title |
Actualización de precios y valores en las contrataciones del Estado / |
| Statement of responsibility |
José Roberto Dromi. |
| 505 ## - FORMATTED CONTENTS NOTE |
| Title |
La indexación en los contratos administrativos provinciales / |
| Statement of responsibility |
Enrique Sánchez Gambino. |
| 650 ## - ASIENTO SECUNDARIO DE MATERIA - TERMINO TEMATICO |
| Topical term or geographic name as entry element |
DERECHO ADMINISTRATIVO |
| 9 (RLIN) |
211 |
| 650 #0 - ASIENTO SECUNDARIO DE MATERIA - TERMINO TEMATICO |
| Topical term or geographic name as entry element |
CONTRATOS ADMINISTRATIVOS |
| 9 (RLIN) |
1170 |
| 650 #0 - ASIENTO SECUNDARIO DE MATERIA - TERMINO TEMATICO |
| Topical term or geographic name as entry element |
SERVICIO PUBLICO |
| 9 (RLIN) |
932 |
| 700 ## - ADDED ENTRY--PERSONAL NAME |
| 9 (RLIN) |
931 |
| Personal name |
Barra, Rodolfo Carlos |
| 700 ## - ADDED ENTRY--PERSONAL NAME |
| 9 (RLIN) |
18 |
| Personal name |
Cassagne, Juan Carlos |
| 700 ## - ADDED ENTRY--PERSONAL NAME |
| 9 (RLIN) |
9 |
| Personal name |
Dromi, Roberto |
| 700 ## - ADDED ENTRY--PERSONAL NAME |
| 9 (RLIN) |
1172 |
| Personal name |
Ottonello, Néstor J. |
| 700 ## - ADDED ENTRY--PERSONAL NAME |
| 9 (RLIN) |
1173 |
| Personal name |
Sanchez Gambino, Enrique |
| 942 ## - ADDED ENTRY ELEMENTS (KOHA) |
| Source of classification or shelving scheme |
|
| Koha item type |
Libros |
| Classification part |
342.9:351.712 |
| Item part |
COM |